LAYOUT NOW: The Arrangement of Text&Graphics (Record no. 12927)

000 -LEADER
fixed length control field 00384 a2200145 4500
003 - CONTROL NUMBER IDENTIFIER
control field OSt
005 - DATE AND TIME OF LATEST TRANSACTION
control field 20240718194535.0
008 - FIXED-LENGTH DATA ELEMENTS--GENERAL INFORMATION
fixed length control field 240718b ||||| |||| 00| 0 eng d
020 ## - INTERNATIONAL STANDARD BOOK NUMBER
International Standard Book Number ‎ 978-9887757351
082 ## - DEWEY DECIMAL CLASSIFICATION NUMBER
Classification number [686.225]
100 ## - MAIN ENTRY--PERSONAL NAME
Personal name Charlotte Fiell (Editor)
245 ## - TITLE STATEMENT
Title LAYOUT NOW: The Arrangement of Text&Graphics
260 ## - PUBLICATION, DISTRIBUTION, ETC. (IMPRINT)
Name of publisher, distributor, etc endpoints Publishing Co
Date of publication, distribution, etc 2017
942 ## - ADDED ENTRY ELEMENTS (KOHA)
Source of classification or shelving scheme
Holdings
Withdrawn status Lost status Source of classification or shelving scheme Damaged status Koha normalized classification for sorting Not for loan Permanent location Current location Date acquired Source of acquisition Cost, normal purchase price Full call number Barcode Date last seen Cost, replacement price Price effective from Koha item type
        686_225   BMS College of Architecture, Design and Planning BMS College of Architecture, Design and Planning 2024-07-18 1 3880.27 [686.225] AR-UG4170 2024-07-18 5173.69 2024-07-18 B.Design
Copyright © 2025, The Librarian, Library and Information Centre, BMSCA D&P, Bengaluru. All Rights Reserved
web counter

Powered by Koha